000 00428nam a2200145Ia 4500
008 210210b2000 xxu||||| |||| 00| 0 eng d
082 _a540.028 DESL
100 _aDESIKACHAR (S).
245 _aLaboratory manual in chemistry. II PUC.
260 _aBangalore.
_bExcellent Educational Enterprises
_c2000
300 _a36
650 _aLaboratory Manual, Chemistry, II PUC
690 _aChemistry Laboratory
906 _a056426
999 _c104094
_d104094